Armenia And The Armenians (Record no. 1391639)

MARC details
000 -LEADER
fixed length control field 00619nam a2200253Ia 4500
008 - FIXED-LENGTH DATA ELEMENTS--GENERAL INFORMATION
fixed length control field 160620s9999||||xx |||||||||||||| ||und||
040 ## - CATALOGING SOURCE
Transcribing agency English
082 ## - DEWEY DECIMAL CLASSIFICATION NUMBER
Classification number XI.B Aslan
082 ## - DEWEY DECIMAL CLASSIFICATION NUMBER
Item number BORI-69362
100 ## - MAIN ENTRY--PERSONAL NAME
Personal name Kevork Aslan
245 ## - TITLE STATEMENT
Title Armenia And The Armenians
300 ## - PHYSICAL DESCRIPTION
Extent XXiX+138
300 ## - PHYSICAL DESCRIPTION
Dimensions A
300 ## - PHYSICAL DESCRIPTION
Accompanying material Hardbound
530 ## - ADDITIONAL PHYSICAL FORM AVAILABLE NOTE
Uniform Resource Identifier <a href="00069362.pdf">00069362.pdf</a>
563 ## - BINDING INFORMATION
Binding note Study
600 ## - SUBJECT ADDED ENTRY--PERSONAL NAME
Personal name Kevork Aslan
630 ## - SUBJECT ADDED ENTRY--UNIFORM TITLE
Uniform title Armenia And The Armenians
650 ## - SUBJECT ADDED ENTRY--TOPICAL TERM
Topical term or geographic name as entry element "Social History,Culture"
650 ## - SUBJECT ADDED ENTRY--TOPICAL TERM
Topical term or geographic name as entry element General Indology
700 ## - ADDED ENTRY--PERSONAL NAME
Personal name Kevork Aslan
730 ## - ADDED ENTRY--UNIFORM TITLE
Uniform title Armenia And The Armenians
942 ## - ADDED ENTRY ELEMENTS (KOHA)
Koha item type Book

No items available.